ปัญหาเกี่ยวกับการใช้ดุลพินิจของเจ้าหน้าที่ของรัฐในการไม่เปิดเผยข้อมูลข่าวสารของราชการ ศึกษากรณีตามมาตรา 15(2) และ (3) แห่งพระราชบัญญัติข้อมูลข่าวสารของราชการ พ.ศ. 2540 (ระเบียนเลขที่ 61770)
| 000 -LEADER | |
|---|---|
| fixed length control field | 01521nam a22002177a 4500 |
| 005 - DATE AND TIME OF LATEST TRANSACTION | |
| control field | 20240208125728.0 |
| 008 - FIXED-LENGTH DATA ELEMENTS--GENERAL INFORMATION | |
| fixed length control field | s2552 th tha d |
| 041 ## - LANGUAGE CODE | |
| Language code of text/sound track or separate title | tha |
| 090 ## - LOCALLY ASSIGNED LC-TYPE CALL NUMBER (OCLC); LOCAL CALL NUMBER (RLIN) | |
| Classification number (OCLC) (R) ; Classification number, CALL (RLIN) (NR) | ว KR34 ส254ป 2552 |
| 100 0# - MAIN ENTRY--PERSONAL NAME | |
| Personal name | สมบัติ โชติวงศ์ |
| 245 10 - TITLE STATEMENT | |
| Title | ปัญหาเกี่ยวกับการใช้ดุลพินิจของเจ้าหน้าที่ของรัฐในการไม่เปิดเผยข้อมูลข่าวสารของราชการ ศึกษากรณีตามมาตรา 15(2) และ (3) แห่งพระราชบัญญัติข้อมูลข่าวสารของราชการ พ.ศ. 2540 |
| 260 3# - PUBLICATION, DISTRIBUTION, ETC. | |
| Place of publication, distribution, etc. | กรุงเทพฯ : |
| Name of publisher, distributor, etc. | มหาวิทยาลัยธุรกิจบัณฑิตย์, |
| Date of publication, distribution, etc. | 2552 |
| 300 ## - PHYSICAL DESCRIPTION | |
| Extent | 152 หน้า ; |
| Other physical details | 30 ซม. |
| 650 04 - SUBJECT ADDED ENTRY--TOPICAL TERM | |
| Topical term or geographic name entry element | ข้อมูลข่าวสารของราชการ -- กฎหมายและระเบียบข้อบังคับ -- วิจัย |
| 650 04 - SUBJECT ADDED ENTRY--TOPICAL TERM | |
| Topical term or geographic name entry element | มหาวิทยาลัยธุรกิจบัณฑิตย์. นิติศาสตรมหาบัณฑิต -- วิทยานิพนธ์ |
| 850 ## - HOLDING INSTITUTION | |
| Holding institution | NALT |
| 942 ## - ADDED ENTRY ELEMENTS (KOHA) | |
| Koha item type | Research/Thesis |
| Koha issues (borrowed), all copies | 3 |
| 997 ## - | |
| -- | 37228 |
| -- | VC |
| 997 ## - | |
| -- | 000000000061770 |
| 998 ## - LOCAL CONTROL INFORMATION (RLIN) | |
| -- | นางสาวชัชฎา จูฑะรักษ์ |
| -- | 111 |
| -- | นางสาวพจพิณ พรมเอี่ยม |
| Withdrawn status | Lost status | Damaged status | Not for loan | Collection code | Home library | Current library | Date acquired | Source of acquisition | Cost, normal purchase price | Total Checkouts | Total Renewals | Full call number | Barcode | Date last seen | Date last checked out | Cost, replacement price | Price effective from | Koha item type |
|---|---|---|---|---|---|---|---|---|---|---|---|---|---|---|---|---|---|---|
| Research & Theses collection | National Assembly Library of Thailand | National Assembly Library of Thailand | 08/02/2024 | จัดซื้อทรัพยากร | 209.00 | 3 | 2 | ว KR34 ส254ป 2552 | 3961182709 | 22/02/2024 | 08/02/2024 | 259.00 | 09/06/2017 | Research/Thesis |
